Fundamentos de mercadotecnia (Registro nro. 1493)
[ vista simple ]
| 000 -LEADER | |
|---|---|
| fixed length control field | 02085 a2200229 4500 |
| 001 - CONTROL NUMBER | |
| control field | 26754 |
| 005 - DATE AND TIME OF LATEST TRANSACTION | |
| control field | 20260407155545.0 |
| 008 - FIXED-LENGTH DATA ELEMENTS--GENERAL INFORMATION | |
| fixed length control field | 260407a1984 arg spa d |
| 003 - CONTROL NUMBER IDENTIFIER | |
| control field | AR-UNSa-BCEJYS |
| 040 ## - CATALOGING SOURCE | |
| Original cataloging agency | AR-UNSa-BCEJYS |
| Language of cataloging | spa |
| Transcribing agency | AR-UNSa-BCEJYS |
| 080 ## - UNIVERSAL DECIMAL CLASSIFICATION NUMBER | |
| Universal Decimal Classification number | 658.8 |
| Common auxiliary subdivision | Organización de mercados. Marketing. Ventas. Distribución |
| 020 ## - INTERNATIONAL STANDARD BOOK NUMBER | |
| International Standard Book Number | 968-880-025-2 |
| 100 1# - MAIN ENTRY--PERSONAL NAME | |
| Personal name | Kotler, Philip |
| 245 10 - TITLE STATEMENT | |
| Title | Fundamentos de mercadotecnia |
| 264 #1 - PRODUCTION, PUBLICATION, DISTRIBUTION, MANUFACTURE, AND COPYRIGHT NOTICE | |
| Place of production, publication, distribution, manufacture | México : |
| Name of producer, publisher, distributor, manufacturer | Prentice-Hall Hispanoamericana |
| Date of production, publication, distribution, manufacture, or copyright notice | 1984 |
| 300 ## - PHYSICAL DESCRIPTION | |
| Extent | 648 p. |
| Dimensions | 24 cm. |
| 505 ## - FORMATTED CONTENTS NOTE | |
| Formatted contents note | 1. Fundamentos sociales de mercadotecnia: satisfacción de la necesidades humanas - 2. Procesos de la administración de mercadotecnia - 3. Investigación de mercadotecnia y sistemas de información - 4. El ambiente de mercadotecnia - 5. Mercados de consumidores y comportamiento de compra del consumidor - 6. Mercados organizacionales y conducta organizacional del comprador - 7. Segmentación, selección de mercados y posicionamiento en el mercado - 8. Diseño de productos: Productoas, marcas, empaquetado y servicios - 9. Diseño de productos: estartegias relativas al desarrollo de nuevos productos y al ciclo de vida del producto - 10. Fijación de precios de los productos: Objetivos y políticas de la fijación de precios - 11. Fijación de precios de los productos: estartegias relativas a la fijación de precios - 12. Colocación de los productos: canales de distribución y distribución física - 13. Colocación de los productos: comercfio detallista y comercio mayorista - 14. Promoción de los productos: Comunicación y estrategia de la promoción - 15. Promoción de productos: Publicidad, promoción de ventas y publicidad no pagada - 16. Promoción de los productos: Venta personal y administración de ventas - 17. Estrategia, planeación y control - 18. Mercadotecnia internacional - 19. Mercadotecnia de servicios y mercadotecnia no lucrativa - 20. Meracdotecnia y sociedad. |
| 590 ## - LOCAL NOTE (RLIN) | |
| Local note | niveau_biblio:m niveau_hierar:0 |
| 700 1# - ADDED ENTRY--PERSONAL NAME | |
| Personal name | Rosas Sánchez, Rosa María |
| 700 1# - ADDED ENTRY--PERSONAL NAME | |
| Personal name | Benassini Félix, Marcela |
| 942 ## - ADDED ENTRY ELEMENTS (KOHA) | |
| Koha item type | |
| Withdrawn status | Lost status | Damaged status | Not for loan | Home library | Current library | Shelving location | Date acquired | Total checkouts | Full call number | Barcode | Date last seen | Price effective from | Koha item type |
|---|---|---|---|---|---|---|---|---|---|---|---|---|---|
| Biblioteca Prof. Eusebio Cleto del Rey | Biblioteca Prof. Eusebio Cleto del Rey | 07/04/2026 | 658.8 K87f | L53107 | 07/04/2026 | 07/04/2026 | Libro | ||||||
| Biblioteca Prof. Eusebio Cleto del Rey | Biblioteca Prof. Eusebio Cleto del Rey | 07/04/2026 | 658.8 K87f | L53106 | 07/04/2026 | 07/04/2026 | Libro |